000 00333nam a22001217a 4500
008 160524b xxu||||| |||| 00| 0 eng d
020 _a9780130493699
020 _a0130493694
041 _aeng
080 _a618.2
245 _aLaboratory tests and diagostic orocedures with nursing diagnoses;
_cJane Vincnt Corbett;
942 _2udc
_cBK
999 _c2417
_d2417